Sports Quiz

Random Sports or Basketball Quiz

Can You Guess These NCAA Teams (3)? Quiz Stats

 Plays Quiz not verified by Sporcle

Challenge
Share
Tweet
Embed
Score 0/34 Timer 04:00
0 Plays Today
% Correct
Bruins
97.3%
Bears
96.6%
Gamecocks
96.6%
Orange
96.6%
Longhorns
95.9%
Buffaloes
95.9%
Crimson Tide
95.2%
Fighting Illini
95.2%
Hoosiers
95.2%
Bearcats
95.2%
Lobos
94.5%
Runnin' Rebels
93.8%
Minutemen
93.2%
Cardinal
91.8%
Flyers
91.1%
Friars
90.4%
Black Knights
89.7%
% Correct
Mustangs
88.4%
Bulldogs
87%
Crusaders
81.5%
Knights
78.1%
Dons
74%
Falcons
72.6%
Panthers
68.5%
Tigers
63.7%
Eagles
62.3%
Bulldogs
58.9%
Paladins
58.2%
Peacocks
56.8%
Cougars
54.1%
Cowboys
51.4%
Pioneers
48.6%
Trojans
45.9%
Cardinals
42.5%

You're not logged in!

Compare scores with friends on all Sporcle quizzes.
Join for Free
OR
Log In

You Might Also Like...

Show Comments

Extras

Top Quizzes Today


Score Distribution

Your Account Isn't Verified!

In order to create a playlist on Sporcle, you need to verify the email address you used during registration. Go to your Sporcle Settings to finish the process.

Report this User

Report this user for behavior that violates our Community Guidelines.

Details: